[Event "Dubai op 16th"]
[Site "Dubai"]
[Date "2014.04.07"]
[Round "1"]
[White "Al Sulaiti, Khalil"]
[Black "Jumabayev, Rinat"]
[Result "0-1"]
[WhiteElo "2099"]
[BlackElo "2580"]
[PlyCount "98"]
[EventDate "2014.04.07"]
[EventType "swiss"]
[EventRounds "9"]
[EventCountry "UAE"]
[SourceTitle "CBM 159 Extra"]
[Source "ChessBase"]
[SourceDate "2014.04.24"]
[SourceVersion "1"]
[SourceVersionDate "2014.04.24"]
[SourceQuality "1"]

1. e4 c5 2. Nf3 d6 3. d4 Nf6 4. Nc3 cxd4 5. Nxd4 Nc6 6. Bc4 Qb6 7. Nb3 e6 8. Be3 Qc7 9. a4 Be7 10. 0-0 0-0 11. Qe2 b6 12. Rad1 Bb7 13. Bg5 Rfd8 14. Nb5 Qb8 15. f4 a6 16. Nc3 Qc7 17. Bd3 Nb4 18. Rf3 h6 19. Rh3 hxg5 20. fxg5 g6 21. gxf6 Bxf6 22. Qg4 Nc6 23. Rf1 Qe7 24. Qf4 Bg7 25. Qf2 b5 26. axb5 axb5 27. Bxb5 Ne5 28. Qh4 Qxh4 29. Rxh4 Rab8 30. Be2 Ba8 31. Ra1 Nc6 32. Rd1 Nb4 33. Bd3 Rdc8 34. e5 Bxe5 35. Be4 Bxe4 36. Rxe4 Nxc2 37. Na5 Rxb2 38. Nc4 Rxc4 39. Rxc4 Ne3 40. Rc8+ Kg7 41. Re1 Rxg2+ 42. Kh1 Rxh2+ 43. Kg1 Rh3 44. Ne4 d5 45. Nf2 Rg3+ 46. Kh1 Rf3 47. Nd3 Rh3+ 48. Kg1 Bh2+ 49. Kf2 Bg3+ 0-1